Pehelwaan Ji / (Record no. 53612)

MARC details
000 -LEADER
fixed length control field 01535nam a22002777a 4500
005 - DATE AND TIME OF LATEST TRANSACTION
control field 20110704161921.0
020 ## - INTERNATIONAL STANDARD BOOK NUMBER
International Standard Book Number 8182634075
Terms of availability 20.00
020 ## - INTERNATIONAL STANDARD BOOK NUMBER
International Standard Book Number 9788182634077
Terms of availability 20.00
035 ## - SYSTEM CONTROL NUMBER
System control number B-432374-378
037 ## - SOURCE OF ACQUISITION
Stock number DPL
Source of stock number/acquisition Blue Berry
082 ## - DEWEY DECIMAL CLASSIFICATION NUMBER
Classification number S
100 ## - MAIN ENTRY--PERSONAL NAME
Personal name Jaiswal, Sanjiv 'Sanjay'
245 ## - TITLE STATEMENT
Title Pehelwaan Ji /
Statement of responsibility, etc by Sanjiv Jaiswal 'Sanjay'; illustrated by Ajit Narayan; translated by Manisha Chaudhry
250 ## - EDITION STATEMENT
Edition statement 3rd
260 ## - PUBLICATION, DISTRIBUTION, ETC. (IMPRINT)
Place of publication, distribution, etc New Delhi
Name of publisher, distributor, etc Pratham Books
Date of publication, distribution, etc 2010
270 ## - ADDRESS
Address 633-634, 4th "C" Main, 6th 'B' Cross, OMBR Layout, Banaswadi
City Bangalore
Postal code 560043
Telephone number 011-65684113
300 ## - PHYSICAL DESCRIPTION
Extent 16p.
Other physical details ill.
Dimensions 17 cm.(pbk)
700 ## - ADDED ENTRY--PERSONAL NAME
9 (RLIN) 29160
942 ## - ADDED ENTRY ELEMENTS (KOHA)
Source of classification or shelving scheme Dewey Decimal Classification
Item type Children Books
Classification part S
Call number suffix JAI
Holdings
Withdrawn status Lost status Not for loan Collection code Home library Current library Date acquired Source of acquisition Cost, normal purchase price Full call number Barcode Copy number Cost, replacement price Koha item type
      Fiction Central Library Central Library 21/07/2011 Blue Berry/6363/25.3.11/83/21.3.11/31.3.11 20.00 S JAI B-432374 1 20.00 Children Books
      Fiction Karol Bagh Karol Bagh 21/07/2011 Blue Berry/6363/25.3.11/83/21.3.11/31.3.11 20.00 S JAI B-432377 1 20.00 Children Books
      Fiction Patel Nagar Patel Nagar 21/07/2011 Blue Berry/6363/25.3.11/83/21.3.11/31.3.11 20.00 S JAI B-432375 1 20.00 Children Books
      Fiction Sarojini Nagar Sarojini Nagar 21/07/2011 Blue Berry/6363/25.3.11/83/21.3.11/31.3.11 20.00 S JAI B-432376 1 20.00 Children Books
  Written-off vide DLB M. No. 383 dt 16.05.19   Fiction Shahdara Branch Shahdara Branch 21/07/2011 Blue Berry/6363/25.3.11/83/21.3.11/31.3.11 20.00 S JAI B-432378 1 20.00 Children Books

© Delhi Public Library
Hit Counter
free hit counter